000 00479pam a2200157a 44500
008 230515b2013 xxu||||| |||| 00| 0 eng d
020 _aNULL
041 _aENGLISH
082 _aND
100 _aMR JITENDRA KUMAR JAIN
245 _aA STUDY TO ASSESS THE EFFECT OF EARLY AMBULATION ON POST OPERATIVE COMPLICATIONS AMONG PATIENTS FOLLOWING ABDOMINAL SURGERY IN SELECTED HOSPITALS OF PCMC
250 _a0
260 _a
_bDR D Y PATIL
_c2013
300 _a105
650 _aNULL
999 _c531005
_d531005